Animales del jardín
Saved in:
| Hovedforfatter: | |
|---|---|
| Format: | Bog |
| Sprog: | spansk |
| Udgivet: |
Madrid
SM
1990
|
| Serier: | El Joven Investigador, 18
|
| Fag: | |
| Tags: |
Tilføj Tag
Ingen Tags, Vær først til at tagge denne postø!
|
MARC
| LEADER | 00000nam a2200000 a 4500 | ||
|---|---|---|---|
| 001 | UCW5793 | ||
| 003 | CL-VaPUC | ||
| 008 | 910808e19900000SP |||||||||||||||||spa|d | ||
| 082 | 0 | 4 | |a 595.7 |b JEN |2 21 |
| 100 | |a Jennings, Terry |e author |9 543686 | ||
| 245 | 1 | 0 | |a Animales del jardín |
| 300 | |a 32 p | ||
| 942 | |c BK | ||
| 945 | |d 19910808 00:00:00 | ||
| 260 | |a Madrid |b SM |c 1990 | ||
| 650 | 0 | |a Insectos |9 264174 | |
| 583 | |a last modification |c 19910808 00:00:00 |k Rodrigo Vera | ||
| 490 | 0 | |a El Joven Investigador, 18 | |
| 999 | |c 219114 |d 219112 | ||
| 952 | |0 0 |1 0 |4 0 |6 595_700000000000000_JEN_1990 |7 0 |8 A |9 209648 |a BIBEDU |b BIBEDU |d 2019-11-15 |i 2775409 |o 595.7 JEN 1990 |p 2775409 |r 2019-11-15 |w 2019-11-15 |y BK |k EDU | ||